000 00775nam a2200229Ii 4500
003 JO-AjNU
005 20250722101720.0
008 230605s9999||||xx |||||||||||||| ||und||
017 _a2000/6/1897
040 _aJO-AjNU
_bara
_erda
_cJO-AjNU
041 _aara
050 1 4 _aBP144.K3422 2000
100 3 _aالخياط، عبد العزيز عزت,
_eauthor
_941111
245 0 0 _aمقاصد الشريعة وأصول الفقه /
_cتاليف عبدالعزيز عزت الخياط
264 3 1 _aد.م : المؤلف، 2000
300 _a360صفحة
336 _atext
_btxt
_2rdacontent
337 _aunmediated
_bn
_2rdamedia
338 _avolume
_bnc
_2rdacarrier
650 4 _aفقه اسلامي- اصول- الملكية في الاسلام
_941112
942 _2lcc
_cBK
999 _c21070
_d21070